Hauptstädte der Länder der Bundesrepublik Deutschland - Statistiken

Allgemein
  • Dieses Quiz wurde 77 mal gespielt
  • Das Durchschnittsergebnis liegt bei 12 aus 14
Antwortstatistiken
Land Hauptstadt % Korrekt
Bayern München
100%
Bremen Bremen
99%
Baden-Württemberg Stuttgart
94%
Nordrhein-Westfalen Düsseldorf
92%
Schleswig-Holstein Kiel
92%
Sachsen Dresden
90%
Saarland Saarbrücken
89%
Niedersachsen Hannover
88%
Rheinland-Pfalz Mainz
88%
Brandenburg Potsdam
85%
Mecklenburg-Vorpommern Schwerin
81%
Thüringen Erfurt
79%
Sachsen-Anhalt Magdeburg
79%
Hessen Wiesbaden
78%
Keine übereinstimmenden Quizze gefunden
Verteilung der Resultate
Anzahl Personen mit jedem Resultat
Perzentil nach korrekt beantworteten Fragen
Ihre Resultats-Entwicklung
Sie haben dieses Quiz noch nicht gespielt